书目信息 |
| 题名: |
螺纹桩技术规程= Technical specification for screw concrete pile
|
|
| 作者: | 中华人民共和国住房和城乡建设部 | |
| 分册: | ||
| 出版信息: | 北京 中国建筑工业出版社 2016.11 |
|
| 页数: | 42页 | |
| 开本: | 20cm | |
| 丛书名: | ||
| 单 册: | ||
| 中图分类: | TU753.3-65 | |
| 科图分类: | ||
| 主题词: | 建筑工程--各种 | |
| 电子资源: | ||
| ISBN: | ||
| 000 | 00792nam0 2200193 45 | |
| 001 | 1953467988 | |
| 005 | 20190321172151.91 | |
| 010 | @dRMB 10.00 | |
| 100 | @a20190314d2016 km y0chiy0120 ea | |
| 101 | 0 | @achi |
| 102 | @aCN@b110000 | |
| 200 | 1 | @a螺纹桩技术规程= Technical specification for screw concrete pile@Aluo wen zhuang ji shu gui cheng=Technical specification for screw concrete pile@f中华人民共和国住房和城乡建设部@Fzhong hua ren min gong he guo zhu fang he cheng xiang jian she bu |
| 210 | @a北京@c中国建筑工业出版社@d2016.11 | |
| 215 | @a42页@d20cm | |
| 606 | 0 | @a建筑工程@x各种 |
| 690 | @aTU753.3-65@v4 | |
| 701 | 0 | @a中华人民共和国住房和城乡建设部@Azhong hua ren min gong he guo zhu fang he cheng xiang jian she bu |
| 801 | 0 | @aCN@bPFT@c20190321 |
| 905 | @a10447@dTU753.3-65@eZ9112 | |
| 螺纹桩技术规程= Technical specification for screw concrete pile/中华人民共和国住房和城乡建设部.-北京:中国建筑工业出版社,2016.11 |
| 42页;20cm |
| ISBN :RMB 10.00 |
| ● |
| 相关链接 |
|
|
|
正题名:螺纹桩技术规程= Technical specification
索取号:TU753.3-65/Z9112
 
预约/预借
| 序号 | 登录号 | 条形码 | 馆藏地/架位号 | 状态 | 备注 |
| 1 | 1244573 | 212445736 | 建筑库201/201建筑库 41排7列5层/ [索取号:TU753.3-65/Z9112] | 在馆 |